logo

Bir Sreshtho Munshi Abdur Rouf Library
Jhenaidah Cadet College

The Pilgrim's progress : (Record no. 7805)

MARC details
000 -LEADER
fixed length control field 01777cam a2200313 i 4500
001 - CONTROL NUMBER
JCCL Control Number 7805
003 - CONTROL NUMBER IDENTIFIER
JCCL marc code BD-JhCC
005 - DATE AND TIME OF LATEST TRANSACTION
control field 20180214105850.0
008 - FIXED-LENGTH DATA ELEMENTS--GENERAL INFORMATION
fixed length control field 810115s1980 enk b 001 0 eng
020 ## - INTERNATIONAL STANDARD BOOK NUMBER
International Standard Book Number 085323194X :
Terms of availability £12.00
035 ## - SYSTEM CONTROL NUMBER
system control number (BD-JhCC)7805
040 ## - CATALOGING SOURCE
Original cataloging agency DLC
Transcribing agency DLC
Modifying agency DLC
-- BD-JhCC
041 ## - LANGUAGE CODE
Language code of Book eng
050 00 - LIBRARY OF CONGRESS CALL NUMBER
Classification number PR3330.A9
Item number P5 1980b
082 00 - DEWEY DECIMAL CLASSIFICATION NUMBER
Classification number 828/.407
DDC Edition number 19
Author mark and Year THE 1980
245 04 - TITLE STATEMENT
Title The Pilgrim's progress :
Remainder of title critical and historical views /
Statement of responsibility, etc edited by Vincent Newey.
260 ## - PUBLICATION, DISTRIBUTION, ETC. (IMPRINT)
Place of publication, distribution, etc Liverpool :
Name of publisher, distributor, etc Liverpool University Press,
Date of publication, distribution, etc 1980.
300 ## - PHYSICAL DESCRIPTION
Pagination xiii, 302 p. ;
Dimensions 22 cm.
440 #0 -
Title Liverpool English texts and studies
504 ## - BIBLIOGRAPHY, ETC. NOTE
Bibliography, etc Includes bibliographical references and index.
505 0# - FORMATTED CONTENTS NOTE
Formatted contents note Keeble, N.H. Christiana's key: the unity of the Pilgrim's progress.--Newey, V. Bunyan and the confines of the mind.--Sharrock, R. Life and story in The Pilgrim's progress.--Seed, D. Dialogue and debate in The The Pilgrim's progress.--Turner, J. Bunyan's sense of place.--Edwards, P. The journey in The Pilgrim's progress.--Hammond, B. The Pilgrim's progress: satire and social comment.--Nellist, B. The Pilgrim's progress and allegory.--Mills, D. The dreams of Bunyan and Langland.--Davis, N. The problem and misfortune in The Pilgrim's progress.--Shrimpton, N. Bunyan's military metaphor.--Newman, S. J. Bunyan's solidness.--Campbell, G. The theology of The Pilgrim's progress.--Beatty, B. Rival fables: The Pilgrim's progress and Dryden's The hind and the panther.
600 10 - SUBJECT ADDED ENTRY--PERSONAL NAME
Personal name Bunyan, John,
Dates associated with a name 1628-1688.
Title of a work Pilgrim's progress.
650 00 - SUBJECT ADDED ENTRY--TOPICAL TERM
Topical term or geographic name as entry element Christian pilgrims and pilgrimages in literature.
650 00 - SUBJECT ADDED ENTRY--TOPICAL TERM
Topical term or geographic name as entry element Puritan movements in literature.
650 00 - SUBJECT ADDED ENTRY--TOPICAL TERM
Topical term or geographic name as entry element Christian life in literature.
700 1# - ADDED ENTRY--PERSONAL NAME
Personal name Newey, Vincent.
942 ## - ADDED ENTRY ELEMENTS (KOHA)
Source of classification or shelving scheme Dewey Decimal Classification
Koha item type Books
Holdings
Source of classification or shelving scheme Damaged status Not for loan Home library Current library Shelving location Total Checkouts Full call number Barcode Date last seen Copy number Koha item type
Dewey Decimal Classification     JCC Rouf Library JCC Rouf Library General Stacks   828/.407 THE 1980 10423 02/14/2018 C - 1 Books

JCC Library | Contacts | JCC Home

Last Update on 23 September 2017
Copyright @ 2017-2020 JCC Rouf Library
Rouf Library, Jhenidah Cadet College (JCC), Bangladesh